| 000 | 00787nam a2200229 a 4500 | ||
|---|---|---|---|
| 005 | 20240227063617.0 | ||
| 008 | 030605s2001 mx r 000 0 spa d | ||
| 020 | _a9707020172 | ||
| 035 | _aUPN01000125090 | ||
| 049 | _aCG | ||
| 050 | 4 |
_aLA421.4 _bG6.2 |
|
| 100 | 1 |
_aGonzalbo, Pilar, _d1935-2024 _928880 |
|
| 245 | 1 | 0 |
_aEducación y colonización en la Nueva España 1521-1821 / _cPilar Gonzalbo Aizpuru. |
| 260 |
_aMéxico : _bUPN, _c2001. |
||
| 300 | _a271 p. | ||
| 440 | 0 |
_aHistoria, ciudadania y magisterio ; _v1 |
|
| 590 | _a(También localizas un ejemplar en el "Area de Reserva") | ||
| 590 | _aBibliografía Básica (BGTQ) | ||
| 650 | 4 |
_aEDUCACION - _zMEXICO - _xHISTORIA - _y1521-1821 _911599 |
|
| 650 | 4 |
_aIndígenas de México _xEducación _xHistoria _923132 |
|
| 905 | _aLibro | ||
| 999 |
_c97269 _d97269 |
||